| 000 | 00795cab a2200241 4500 | ||
|---|---|---|---|
| 001 | ABS52554 | ||
| 008 | 090401t1995 xxu||||| |||| 00| 0 eng d | ||
| 035 | _a(Sirsi) u84420 | ||
| 041 | _aeng | ||
| 100 | _aLoncaster, I. | ||
| 245 | _aDiscovery channels | ||
| 260 | _c1995 | ||
| 350 | _a0 | ||
| 490 |
_aValuer (ISVA) _v64(3) April 1995, 12(1) |
||
| 520 | _aReminds the potential litigant of the ancient legal principle of `discovery` by which an argument may not be won through deliberate concealment of damaging fact. | ||
| 650 | _aARBITRATION ACT 1950 S12(1) | ||
| 650 | _aDISCOVERY | ||
| 650 | _aEVIDENCE | ||
| 690 | _aMANAGEMENT-DISPUTE AVOIDANCE, MANAGEMENT AND RESOLUTION-DISPUTE MANAGEMENT AND RESOLUTION-ARBITRATION | ||
| 690 | _aLAW | ||
| 942 | _n0 | ||
| 948 | _c04/03/1997 | ||
| 999 |
_c53052 _d53052 |
||